000 00475nam a2200181Ia 4500
001 19609
005 20260306172705.0
008 260306t2018||||xx |||||||||||||| ||spa||
041 _aESP
082 _a340.7
_bC75 Nº 32
100 _aMedrano Cornejo, Humberto
_eAUT
245 0 _aDerecho tributario:
_bimpuesto a la renta: aspectos significativos
260 _c2018
300 _a152 páginas :
_c20 cm.
650 _aGEN
654 _aCDE
942 _cLIB
_dJUS
_fJUS
_2ddc
_n
999 _c19609
_d19609